000 00937nam a22002897a 4500
003 CHAP
005 20220329134539.0
008 971013s1980 r 00010 d
010 _a21969
011 _a22941
035 _a27036
040 _cCHAP
082 _a634.81
_bA8
110 _aAssociation de Coordination Technique Agricole. Paris
_98147
245 _aVigne
260 _a(Paris?) :
_bLa Association,
_c1980
300 _a2 t. en 1v
505 _aContenido: t.1 Apercu sur les ravageurs et maladies -- t.2 Controles, seuils et indications pour la lutte
590 _aBATCH-UPD
_b10
_c20130110
_lUCH01
_h0125
590 _aBATCH-UPD
_b10
_c20130110
_lUCH01
_h1843
590 _aCONVERSION
_b10
_c20130109
_lUCH01
_h1313
650 1 4 _aControl de plagas.
_927595
650 1 4 _aVid
_xPlagas.
_9119131
901 _aBK
942 _cLIBRO
949 _a634.81 A8
_bBC
_cLIBRO
_d33724000210977
_eLIBRO
_gI.c/e
_h66053
_i27036
_si
_t480.00
999 _c21969
_d21969